| 000 | 00475nam a2200157 i 4500 | ||
|---|---|---|---|
| 001 | 97362 | ||
| 003 | ES-MaACL | ||
| 005 | 20230906182103.0 | ||
| 007 | t| | ||
| 008 | 050711s1930 sp ||||1| spa d | ||
| 100 | 1 |
_aMaraury y Barredo, Roberto. _976325 |
|
| 245 | 1 | 0 |
_aImpotencia, esterilidad e inconsumación ante el Derecho español / _cRoberto Maraury y Barredo. |
| 260 |
_aMadrid : _bRev. de Archivos, _c1930. |
||
| 300 |
_a206 p. ; _c25 cm. |
||
| 852 |
_aES-MaACL _jB-11194 |
||
| 999 |
_c97362 _d97362 |
||